Vývoj spotřeby energie v sídelních celcích - bytové a občanské budovy

Uložené v:
Podrobná bibliografia
Hlavný autor: Laurent, Jiří
Médium: Kniha
Jazyk:Czech
Vydavateľské údaje: Praha Ústředí vědeckých, technických a ekonomických informací 1987
Tagy: Pridať tag
Žiadne tagy, Buďte prvý, kto otaguje tento záznam!

MARC

LEADER 00000nam a2200000 4500
001 c027464
005 20251204114304.7
041 0 |a cze 
044 |a CZ 
245 1 0 |a Vývoj spotřeby energie v sídelních celcích - bytové a občanské budovy  |c Jiří Laurent 
264 1 |a Praha  |b Ústředí vědeckých, technických a ekonomických informací  |c 1987 
300 |a 62 s. 
100 1 |a Laurent, Jiří